00745nam a2200193 i 4500001000300000245011400003260005500117300003600172504001400208650007400222700002900296700002900325020001500354040000800369041000800377080002700385008004100412856009800453bg00aDeterminanty rozwoju małych i średnich przedsiębiorstw /cred. nauk. Jadwiga Adamczyk, Piotr Bartkowiak. aWarszawa :bWydawnictwa Naukowo-Techniczne,c2004. a390 s. :brys., wykr. ;c24 cm. aBibliogr. 9aPrzedsiębiorstwa małe i średniexzagadnieniazPolskayod 1989 r.1 aADAMCZYK, Jadwiga.eRed.1 aBARTKOWIAK, Piotr.eRed. a8320429358 cBPK0 apol a658.114(438)"1989/..." s pl f |000 0 pol  uhttp://koha.tu.koszalin.pl/cgi-bin/koha/opac-detail.pl?biblionumber=46887yKatalog online BPK